000
00248nam a22001217a 4500
008
171014b xxu||||| |||| 00| 0 eng d
041
_a
eng
080
_a
33
100
_a
52
101
_a
EKO
245
_a
EKONOMIA
_c
MINXHOZI, L
942
_2
udc
_c
BK
999
_c
33871
_d
33871